[Event "Challenge"]
[Site "http://www.queenalice.com/game.php?id=146321"]
[Date "2006.12.26"]
[Round "-"]
[White "Dedinho"]
[Black "dinkoiliev"]
[Result "0-1"]
[WhiteElo "1754"]
[BlackElo "1460"]

1. c4 e5 2. Nc3 a6 3. g3 Bc5 4. Bg2 Nf6 5. Nf3 d6 6. d4 Bxd4 7. Nxd4 exd4 8.
Qxd4 Nc6 9. Qe3+ Be6 10. Bxc6+ bxc6 11. b3 O-O 12. Bb2 d5 13. O-O-O Ng4 14. Qd4
f6 15. h3 Ne5 16. cxd5 cxd5 17. Nxd5 c5 18. Qd2 Qd7 19. Nb6 Qc6 20. Nxa8 Qxa8
21. Bxe5 fxe5 22. Qd6 Qc8 23. Qxa6 Qxa6 0-1

[Event "Challenge"]
[Site "http://www.queenalice.com/game.php?id=146823"]
[Date "2006.12.27"]
[Round "-"]
[White "Blackangel"]
[Black "Dedinho"]
[Result "1-0"]
[WhiteElo "1886"]
[BlackElo "1710"]

1. d4 c5 2. dxc5 Qa5+ 3. Nc3 Qxc5 4. e4 Nf6 5. Nf3 g6 6. a3 Bg7 7. Be3 Qc7 8.
Nb5 Qd8 9. Bf4 d6 10. e5 Nh5 11. Qd2 O-O 12. exd6 exd6 13. O-O-O Nxf4 14. Qxf4
Qb6 15. Rxd6 Nc6 16. Rd2 a6 17. Nbd4 Nxd4 18. Nxd4 Be6 19. c3 Ba2 20. Be2 Rac8
21. b4 Bb3 22. Kb2 Bxd4 23. Qxd4 Qe6 24. Qd7 1-0

[Event "AUTO-ADV-348"]
[Site "http://www.queenalice.com/game.php?id=147468"]
[Date "2006.12.28"]
[Round "1"]
[White "mtjab"]
[Black "Dedinho"]
[Result "1-0"]
[WhiteElo "1981"]
[BlackElo "1763"]

1. d4 c5 2. d5 d6 3. Nc3 Nf6 4. e4 g6 5. Nf3 Bg7 6. Be2 O-O 7. O-O Nbd7 8. Nd2
Ne5 9. f4 Neg4 10. Nc4 b5 11. e5 dxe5 12. fxe5 bxc4 13. exf6 Nxf6 14. Bxc4 Ng4
15. Qe2 Be5 16. Bf4 Bd4+ 17. Kh1 e5 18. dxe6 1-0

[Event "AUTO-ADV-348"]
[Site "http://www.queenalice.com/game.php?id=147469"]
[Date "2006.12.28"]
[Round "1"]
[White "Dedinho"]
[Black "mtjab"]
[Result "0-1"]
[WhiteElo "1763"]
[BlackElo "1958"]

1. c4 e5 2. Nc3 Nc6 3. g3 f5 4. Bg2 Nf6 5. d3 Bc5 6. Nf3 d6 7. Ng5 O-O 8. Nd5 h6
9. Nxf6+ Qxf6 10. Bxc6 bxc6 11. Nf3 e4 12. dxe4 fxe4 13. Nh4 Bb4+ 0-1

[Event "AUTO-ADV-348"]
[Site "http://www.queenalice.com/game.php?id=147484"]
[Date "2006.12.28"]
[Round "1"]
[White "Dedinho"]
[Black "stoyan1"]
[Result "0-1"]
[WhiteElo "1735"]
[BlackElo "1867"]

1. c4 e5 2. Nc3 Nf6 3. g3 c6 4. Bg2 Bc5 5. Ne4 Nxe4 6. Bxe4 f5 7. Bg2 d5 8. cxd5
cxd5 9. Nf3 Nc6 10. O-O Qf6 11. d3 Be6 12. Bg5 Qf7 13. Be3 Bxe3 14. fxe3 e4 15.
dxe4 dxe4 16. Ng5 Qd7 17. Qxd7+ Kxd7 18. Rfd1+ Ke7 19. Nxe6 Kxe6 20. Rac1 Rhd8
21. Rxd8 Rxd8 22. Rc2 Nb4 23. Rc7 Rd7 24. Rc4 Nxa2 25. Ra4 Nc1 26. Rxa7 Nxe2+
27. Kf2 Nc1 28. Ra5 Nd3+ 29. Ke2 Nxb2 30. Rb5 Nc4 31. Bh3 g6 0-1

[Event "AUTO-ADV-348"]
[Site "http://www.queenalice.com/game.php?id=147485"]
[Date "2006.12.28"]
[Round "1"]
[White "stoyan1"]
[Black "Dedinho"]
[Result "1-0"]
[WhiteElo "1862"]
[BlackElo "1746"]

1. e4 c5 2. Bc4 Nc6 3. Nf3 g6 4. c3 Bg7 5. O-O Nh6 6. d3 Ng4 7. Bxf7+ Kf8 8. Bd5
Nce5 9. Nxe5 Nxe5 10. f4 Nf7 11. f5 e6 12. fxe6 dxe6 13. Bc4 a6 14. Qf3 Bf6 15.
Qxf6 Qxf6 16. Rxf6 Kg7 17. Rf3 Ne5 18. Rf2 Nxc4 19. b3 Ne5 20. d4 Nd3 21. Rc2
Rf8 22. Be3 cxd4 23. Bxd4+ Kg8 24. Nd2 Bd7 25. Nf3 Rf4 26. Rd1 e5 27. Be3 1-0

[Event "AUTO-OPEN-499"]
[Site "http://www.queenalice.com/game.php?id=147760"]
[Date "2006.12.29"]
[Round "1"]
[White "Dedinho"]
[Black "fera77"]
[Result "0-1"]
[WhiteElo "1750"]
[BlackElo "1749"]

1. c4 e5 2. Nc3 f5 3. e3 Nf6 4. Nf3 Nc6 5. Be2 Bb4 6. Qc2 O-O 7. Qxf5 d5 8. Qg5
e4 9. Ne5 Nxe5 10. Qxe5 Bd6 11. Qd4 c5 0-1

[Event "AUTO-OPEN-499"]
[Site "http://www.queenalice.com/game.php?id=147761"]
[Date "2006.12.29"]
[Round "1"]
[White "fera77"]
[Black "Dedinho"]
[Result "1-0"]
[WhiteElo "1799"]
[BlackElo "1708"]

1. Nf3 c5 2. g3 Nc6 3. Bg2 Nf6 4. O-O g6 5. c4 Bg7 6. d3 O-O 7. Bg5 Nh5 8. Qd2
Qb6 9. Nc3 f6 10. Nd5 Qa5 11. Qxa5 Nxa5 12. Nxe7+ Kh8 13. Be3 d6 14. Nd5 Nc6 15.
Nd2 f5 16. Nc7 Rb8 17. Rab1 Ne5 18. h3 f4 19. gxf4 Nxf4 20. Bxf4 Rxf4 21. Nd5
Rf7 22. f4 Nc6 23. Ne4 Rf5 24. Nxd6 Rf8 25. e3 Bf5 26. Nxf5 Rxf5 27. b4 cxb4 28.
Nxb4 Nxb4 29. Rxb4 b6 30. Be4 Ra5 31. Rf2 Bf8 32. Rb3 b5 33. d4 Ba3 34. c5 a6
35. Kg2 Re8 36. Bb7 1-0

[Event "AUTO-OPEN-499"]
[Site "http://www.queenalice.com/game.php?id=147763"]
[Date "2006.12.29"]
[Round "1"]
[White "Morbid"]
[Black "Dedinho"]
[Result "0-1"]
[WhiteElo "1552"]
[BlackElo "1696"]

1. e4 c5 2. b3 Nc6 3. Bb2 e5 4. Bb5 Nd4 5. c3 Nxb5 6. a4 Nd6 7. Ba3 Nxe4 8. Qe2
Nef6 9. Nf3 Bd6 10. O-O Ne7 11. b4 O-O 12. bxc5 e4 13. cxd6 Nc6 14. Nd4 Nxd4 15.
cxd4 Qa5 16. Nc3 Qf5 17. Nb5 Nd5 18. Nc7 Nxc7 19. dxc7 Re8 20. g4 Qd5 21. Qe3
Qa5 22. Bd6 Qb6 23. Bf4 d5 24. h3 Be6 25. Rfc1 Qa5 26. Qb3 b6 27. Rc6 Rac8 28.
Rxe6 Rxe6 29. Qa3 h6 30. Rb1 Rf6 31. Rb5 Qa6 32. Be5 Re6 33. Rxd5 Ree8 34. h4
Qe2 35. g5 Qg4+ 36. Kf1 Qxh4 37. gxh6 e3 38. Qxe3 Qh1+ 39. Ke2 Qxd5 40. hxg7
Rxc7 41. Qh6 Rxe5+ 42. Kd1 Qf3# 0-1

[Event "AUTO-OPEN-499"]
[Site "http://www.queenalice.com/game.php?id=147764"]
[Date "2006.12.29"]
[Round "1"]
[White "Dedinho"]
[Black "kaikovisk"]
[Result "0-1"]
[WhiteElo "1719"]
[BlackElo "1971"]

1. c4 c6 2. Nc3 Nf6 3. g3 d5 4. cxd5 cxd5 5. Nf3 e6 6. Bg2 Nc6 7. d4 Ne7 8. O-O
Ng6 9. Bg5 Be7 10. Qd2 Ne4 11. Nxe4 dxe4 12. Bxe7 Qxe7 13. Ne5 f5 14. Nxg6 hxg6
15. Rad1 Kf7 16. Qf4 Rf8 17. Rc1 Kg8 18. Qe5 Qf6 19. Qxf6 Rxf6 20. e3 Bd7 21. f3
Bc6 22. fxe4 fxe4 23. Rfd1 Raf8 24. Rc5 Rf2 25. Bh3 Bd5 26. Ra5 Rxb2 27. Rxa7
Rff2 28. Ra1 Rxh2 29. Bf1 Rhf2 30. Bh3 Rf3 31. Re1 Rxg3+ 0-1

[Event "AUTO-OPEN-499"]
[Site "http://www.queenalice.com/game.php?id=147765"]
[Date "2006.12.29"]
[Round "1"]
[White "kaikovisk"]
[Black "Dedinho"]
[Result "1-0"]
[WhiteElo "1977"]
[BlackElo "1713"]

1. e4 c5 2. Nf3 Nc6 3. Bb5 Qc7 4. Bxc6 Qxc6 5. Nc3 Nf6 6. d3 g6 7. Bf4 Bg7 8.
Ne5 Qb6 9. Na4 Qa5+ 10. c3 O-O 11. Nc4 Qb5 12. b3 Qc6 13. Qc2 Ng4 14. h3 b5 15.
hxg4 bxa4 16. bxa4 Qf6 17. Be5 Qg5 18. Bxg7 Kxg7 19. Ne3 d6 20. Qd2 Kg8 21. Nd5
Qxd2+ 22. Kxd2 Bxg4 23. Nxe7+ Kg7 24. Nd5 Rab8 25. Rab1 Be6 26. Rb3 Bxd5 27.
exd5 Rxb3 28. axb3 Rb8 29. Rb1 a5 30. d4 c4 31. b4 Kf6 32. Kc2 axb4 33. Rxb4 Rc8
34. a5 Ra8 35. Rb5 h5 36. Kb2 1-0

[Event "QA-ANNIV-02"]
[Site "http://www.queenalice.com/game.php?id=150548"]
[Date "2007.1.5"]
[Round "5"]
[White "muppyman"]
[Black "Dedinho"]
[Result "1-0"]
[WhiteElo "1897"]
[BlackElo "1724"]

1. e4 c5 2. Nf3 Nc6 3. g3 g6 4. Bg2 Bg7 5. O-O Nf6 6. d3 O-O 7. Re1 d5 8. c3 d4
9. Bd2 Ng4 10. Na3 a6 11. Rb1 1-0

[Event "Challenge"]
[Site "http://www.queenalice.com/game.php?id=159568"]
[Date "2007.1.27"]
[Round "-"]
[White "emilio2100"]
[Black "Dedinho"]
[Result "1-0"]
[WhiteElo "1907"]
[BlackElo "1691"]

1. e4 c5 2. d4 cxd4 3. Nf3 Nc6 4. Nxd4 Nxd4 5. Qxd4 Nf6 6. e5 Ng8 7. Nd2 g6 8.
e6 Nf6 9. exf7+ Kxf7 10. Nf3 Bg7 11. Qd1 Qa5+ 12. c3 Rf8 13. Bc4+ e6 14. O-O Kg8
15. Re1 Qc5 16. Bb3 Ng4 17. Be3 Qc7 18. g3 d5 19. h3 Nf6 20. Bd4 Ne4 21. Bxg7
Kxg7 22. Kg2 Qb6 23. Re2 Bd7 24. Rxe4 Rxf3 25. Re2 Raf8 26. Qd4+ Qxd4 27. cxd4
Bb5 28. Rc2 Bd3 29. Rd2 Be4 30. Kg1 1-0